000 00200 a2200097 4500
001 125571
040 _cEscola Canadense de Niteroi
090 _aMUSIC
245 1 0 _aJogo Soletrando - CD
942 _cMATP
999 _c125571
_d125571